Every Song by All That Remains - Statistics

General Stats
  • This quiz has been taken 2 times
  • The average score is 38 of 111
Answer Stats
Album Song % Correct
Antifragile(2025) Antifragile
100%
A War You Cannot Win(2012) A War You Cannot Win
100%
...For We Are Many(2010) For We Are Many
100%
Madness(2017) Madness
100%
The Fall of Ideals(2006) Not Alone
100%
Overcome(2008) Overcome
100%
This Darkened Heart(2004) This Darkened Heart
100%
Overcome(2008) Two Weeks
100%
Victim of the New Disease(2018) Victim of the New Disease
100%
The Order of Things(2015) A Reason for Me to Fight
50%
A War You Cannot Win(2012) Asking Too Much
50%
The Fall of Ideals(2006) Become the Catalyst
50%
Overcome(2008) Before the Damned
50%
Behind Silence and Solitude(2002) Behind Silence and Solitude
50%
Victim of the New Disease(2018) Blood I Spill
50%
Antifragile(2025) Blood & Stone
50%
Overcome(2008) Chiron
50%
The Order of Things(2015) Criticism and Self-Realization
50%
Antifragile(2025) Cut Their Tongues Out
50%
The Order of Things(2015) Divide
50%
Antifragile(2025) Divine
50%
A War You Cannot Win(2012) Down Through the Ages
50%
Victim of the New Disease(2018) Everything's Wrong
50%
This Darkened Heart(2004) Focus Shall Not Fail
50%
Behind Silence and Solitude(2002) Follow
50%
Antifragile(2025) Forever Cold
50%
Overcome(2008) Forever in Your Hands
50%
This Darkened Heart(2004) For Salvation
50%
The Order of Things(2015) For You
50%
Behind Silence and Solitude(2002) From These Wounds
50%
Overcome(Bonus)(2008) Frozen
50%
Victim of the New Disease(2018) Fuck Love
50%
Madness(2017) Halo
50%
...For We Are Many(2010) Hold On
50%
The Fall of Ideals(2006) It Dwells in Me
50%
A War You Cannot Win(2012) Just Moments in Time
50%
Victim of the New Disease(2018) Just Tell Me Something
50%
Antifragile(2025) Kerosene
50%
Antifragile(2025) Let You Go
50%
Madness(2017) Louder
50%
Victim of the New Disease(2018) Misery in Me
50%
The Order of Things(2015) No Knock
50%
Antifragile(2025) No Tomorrow
50%
...For We Are Many(2010) Now Let Them Tremble...
50%
The Order of Things(2015) Pernicious
50%
Antifragile(2025) Poison It
50%
This Darkened Heart(2004) Regret Not
50%
Madness(2017) Safe House
50%
Behind Silence and Solitude(2002) Shading
50%
A War You Cannot Win(2012) Sing for Liberty
50%
The Fall of Ideals(2006) Six
50%
A War You Cannot Win(2012) Stand Up
50%
This Darkened Heart(2004) Tattered on My Sleeve
50%
The Order of Things(2015) The Greatest Generation
50%
...For We Are Many(2010) The Last Time
50%
Antifragile(2025) The Piper
50%
...For We Are Many(2010) The Waiting One
50%
The Fall of Ideals(2006) This Calling
50%
The Order of Things(2015) This Probably Won't End Well
50%
Overcome(2008) Undone
50%
The Order of Things(2015) Victory Lap
50%
Victim of the New Disease(2018) Wasteland
50%
The Fall of Ideals(2006) We Stand
50%
A War You Cannot Win(2012) What If I Was Nothing
50%
The Fall of Ideals(2006) Whispers (I Hear Your)
50%
...For We Are Many(2010) Won't Go Quietly
50%
A War You Cannot Win(2012) A Call to All Non-Believers
0%
...For We Are Many(2010) Aggressive Opposition
0%
Victim of the New Disease(2018) Alone in the Darkness
0%
This Darkened Heart(2004) And Death in My Arms
0%
Overcome(2008) A Song for the Hopeless
0%
Madness(2017) Back to You
0%
The Order of Things(2015) Bite My Tongue
0%
Victim of the New Disease(2018) Broken
0%
A War You Cannot Win(2012) Calculating Loneliness
0%
Behind Silence and Solitude(2002) Clarity
0%
Overcome(2008) Days Without
0%
...For We Are Many(2010) Dead Wrong
0%
Overcome(2008) Do Not Obey
0%
The Fall of Ideals(2006) Empty Inside
0%
Behind Silence and Solitude(2002) Erase
0%
...For We Are Many(2010) Faithless
0%
Madness(2017) Far from Home
0%
The Order of Things(2015) Fiat Empire
0%
...For We Are Many(2010) From the Outside
0%
Behind Silence and Solitude(2002) Home to Me
0%
This Darkened Heart(2004) I Die in Degrees
0%
Madness(2017) If I'm Honest
0%
Victim of the New Disease(2018) I Meant What I Said
0%
The Fall of Ideals(2006) Indictment
0%
A War You Cannot Win(2012) Intro
0%
...For We Are Many(2010) Keepers of Fellow Man
0%
A War You Cannot Win(Bonus)(2012) Let Nothing Bind Me
0%
Madness(2017) Never Sorry
0%
A War You Cannot Win(2012) Not Fading
0%
Madness(2017) Nothing I Can Do
0%
...For We Are Many(Bonus)(2010) Of the Deep
0%
Behind Silence and Solitude(2002) One Belief
0%
Madness(2017) Open Grave
0%
This Darkened Heart(2004) Passion
0%
Overcome(2008) Relinquish
0%
Madness(2017) River City
0%
...For We Are Many(2010) Some of the People, All of the Time
0%
The Fall of Ideals(2006) The Air That I Breathe
0%
This Darkened Heart(2004) The Deepest Gray
0%
The Fall of Ideals(2006) The Weak Willed
0%
The Order of Things(2015) Tru-Kvlt-Metal
0%
Madness(2017) Trust and Believe
0%
This Darkened Heart(2004) Vicious Betrayal
0%
The Order of Things(Bonus)(2015) We Are Only Human
0%
A War You Cannot Win(2012) You Can't Fill My Shadow
0%
No matching quizzes found
Score Distribution
Percent of People with Each Score
Percentile by Number Answered
Your Score History
You have not taken this quiz